00532nam a2200193 450000500170000000700040001700800040002102000180002504000090004305000220005210000230007424500650009725000130016226000380017530000310021350000500024465000240029470000200031820141106094828.0000000 a9780071274722 aUOEL aHF1416b.C37 2007 aCateora, Philip R. aInternational marketing /cPhilip R. Cateora, John L. Graham a13th ed. aBoston ;bMcGraw - Hill ,cc2007. axxxii, 702 p. :bill. col. aIncludes bibliographical references and index aMarketingxCommerce aGraham, John L.